000 00896nas a2200313 4500
001 R0104722
003 BR-BrBNA
005 20231205102435.0
007 ta
008 230509b bl.|||p| |||| 00| 00por d
040 _aBR-BrBNA
_bpor
_cBiblioteca Nacional de Agricultura
041 _a(Pt)
072 _aF60
100 1 _aSantos, E.A. dos
100 1 _aSilva, D.S. da
100 1 _aQueroz Filho, J.L. de
245 1 _aComposicao quimica do capim-Elefante cv. roxo cortado em diferentes alturas
650 _aCapim Elefante
650 _aComposicao Quimica
650 _aCorte
650 _aCelulose
650 _aLignina
650 _aProteina
650 _aFibra
650 _aParaiba
773 0 _tRevista Brasileira de Zootecnia (Brazil)
_xISSN 1516-3598
_g(Jan-Feb 2001), v. 30(1) p. 18-23
_wR0104722
909 _a202311
_bLúcia
_c55
_dLúcia Elande
942 _2AGRIS
_n0
_cANA
999 _c167599
_d167599